| Поле | Инд. | ПП | Название | Значение |
|---|---|---|---|---|
| Тип записи | a | |||
| Библиографический уровень | b | |||
| 001 | Контрольный номер | RU/IS/BASE/173550568 | ||
| 005 | Дата корректировки | 20220428121527.4 | ||
| 008 | Кодируемые данные | 20050701 | ||
| 084 | a | Индекс другой классификации/Индекс ББК | 88.92; 88.323.1; 88.54 | |
| 100 | 1_ | a | Автор | Цветкова Н. А. |
| q | Полное имя | Цветкова Надежда Александровна | ||
| 245 | 10 | a | Заглавие | Групповая психосоциальная работа с женщинами |
| 500 | a | Примечание | Начало в № 1, 2005. Продолжение в № 3, 2005 | |
| 504 | a | Библиография | Библиогр. | |
| 520 | 0_ | a | Аннотация | Некоторые из выделенных разделов: Общие принципы организации женских терапевтических групп. Перечень общих рекомендаций ведущему терапевтической женской группы... Методологические принципы ведения женских терапевтических групп. Содержание и методика занятий в женских терапевтических группах |
| 650 | 04 | a | Основная рубрика | практическая психология (прикладная психология) |
| a | Основная рубрика | психологическое консультирование | ||
| a | Основная рубрика | психология | ||
| a | Основная рубрика | психология групп | ||
| a | Основная рубрика | психология личности | ||
| a | Основная рубрика | гендерная психология | ||
| a | Основная рубрика | социальная психология | ||
| 653 | 0_ | a | Ключевые слова | групповая психосоциальная работа |
| a | Ключевые слова | групповое консультирование | ||
| a | Ключевые слова | женщины | ||
| a | Ключевые слова | когнитивный подход | ||
| a | Ключевые слова | консультативная психология | ||
| a | Ключевые слова | коррекционно-реабилитационная работа | ||
| a | Ключевые слова | общение | ||
| a | Ключевые слова | поведение | ||
| a | Ключевые слова | психосоциальная адаптация | ||
| a | Ключевые слова | психосоциальные технологии | ||
| a | Ключевые слова | психотерапия | ||
| a | Ключевые слова | самопознание | ||
| a | Ключевые слова | теория коммуникации | ||
| a | Ключевые слова | теория социального научения | ||
| a | Ключевые слова | эмоции | ||
| 773 | 18 | t | Заглавие источника | Вестник психосоциальной и коррекционно-реабилитационной работы |
| d | Дата издания источника | 2005 | ||
| g | Прочая информация | № 2. - С. 32 - 58 | ||
| w | Контрольный № источника | RU/IS/BASE/172847146 | ||
| 901 | t | Тип документа | b |